000
00291nam a2200121Ia 4500
005
20251222144657.0
008
251222s9999||||xx |||||||||||||| ||spa||
020
_a
84-288-0182-7
082
_a
289.5/C76
245
0
_a
Los Obispos ante la Nueva Etapa PolĂtica
264
_b
PPC
942
_c
LIB
999
_c
17313
_d
17313